|
|
|
|
| LEADER |
00000nam a22000007a 4500 |
| 005 |
2022051109369.0 |
| 007 |
cr|||| |||| |
| 008 |
220511s2021 br |||||s|||| 00||0 por d |
| 020 |
|
|
|a 978-65-5883-041-2
|
| 035 |
|
|
|a 36388
|
| 040 |
|
|
|a vLex
|
| 090 |
|
|
|c 13325
|d 13325
|
| 100 |
1 |
|
|a Ferrito, Br̀bara
|
| 245 |
1 |
0 |
|a Direito e desigualdade
|h [Recurso electrn̤ico] :
|b uma anl̀ise da discriminaȯ̂ das mulheres no mercado de trabalho a partir dos usos dos tempos /
|c Br̀bara Ferrito
|
| 256 |
|
|
|a Servicio en ln̕ea
|
| 260 |
|
|
|a San Pablo:
|b LTR,
|c 2021
|
| 300 |
|
|
|a 1 recurso electrn̤ico
|
| 500 |
|
|
|a Direito e desigualdade ̌uma obra que traz a reflexô de uma jovem autora sobre a situaȯ̂ enfrentada, ainda, por todas ns̤ mulheres, apropriando-se de uma dimensô da existn̊cia feminina fundamental, que ̌o tempo de trabalho e de nô trabalho, diretamente relacionada ̉persistente discriminaȯ̂ da mulher no trabalho. A conformaȯ̂ de papǐs de gn̊ero empurra a mulher ̉assunȯ̂ de tarefas e encargos que reduzem muito seu tempo de nô trabalho, ocasionando o que a autora chama de pobreza de tempo. E, ao invš de analisar como o Direito disciplina essa situaȯ̂ de discriminaȯ̂, a autora analisa como o Direito ignora essa realidade desigual vivenciada pelas mulheres. E ao ignorar as diferenȧs, o Direito aprofunda ou at ̌mesmo cria as desigualdades. A escolha da autora ̌extremamente relevante, mais do que nunca ̌preciso discutir a discriminaȯ̂ de gn̊ero e denunciar a continuidade de seus mecanismos; e muito feliz pelo recorte que escolheu, porque o tempo de nô trabalho, ou a sua ausn̊cia, indica padre̳s de comportamento de gn̊ero persistentes e que nos desafiam na busca por equidade. A cumulaȯ̂ de trabalho remunerado, ou dupla jornada, ̌velha conhecida da realidade feminina. A reduȯ̂ da discriminaȯ̂ da mulher certamente passa por essa discussô. É preciso ter coragem para se identificar feminista e reafirmar a luta das mulheres por um Direito que nô seja indiferente s̉ diferenȧs de gn̊ero e que nos instrumentalize para a equidade nas relaė̳s de trabalho. Entô a obra ̌um exercc̕io de coragem. Mas, mais que isso, ̌uma anl̀ise perspicaz e que traz uma elevada contribuiȯ̂ na compreensô da discriminaȯ̂ da mulher. É um alento ver uma jovem pesquisadora e autora desenvolver a anl̀ise com tanta qualidade.
|
| 506 |
1 |
|
|a Disponible solo en los productos indicados
|d vLex Global
|d vLex Global (Academic Edition, excluding Law Schools)
|d vLex Global (U.S. Academic Edition, Law Schools)
|d vLex Global (U.S. Academic Edition, excluding Law Schools)
|d vLex Global (Academic Edition, Law Schools)
|
| 650 |
0 |
4 |
|a Derecho Laboral y Seguridad Social
|z Brasil
|
| 740 |
0 |
|
|a vLex Libros (Servicio en ln̕ea)
|
| 856 |
4 |
0 |
|u https://app.vlex.com/#/sources/36388
|z Acceso restringido
|
| 942 |
|
|
|c BOOK
|
| 999 |
0 |
|
|a Labor law and social security
|